Guess the Fusion Rock Song Lyrics #275 - Statistics

General Stats
  • This quiz has been taken 9 times
  • The average score is 98 of 150
Answer Stats
Answer % Correct
A
100%
but
100%
I
100%
in
100%
of
100%
The
100%
to
100%
To
100%
don't
88%
how
88%
is
88%
me
88%
my
88%
Oh
88%
Take
88%
home
75%
I'm
75%
back
63%
Feel
63%
they
63%
want
63%
about
50%
bad
50%
eyes
50%
live
50%
people
50%
place
50%
Sad
50%
world
50%
die
38%
everything
38%
Everything
38%
life
38%
own
38%
sorrows
38%
tomorrows
38%
arranging
25%
changing
25%
crying
25%
dying
25%
fill
25%
Marmalade
25%
moonlight
25%
Reflections
25%
sunlight
25%
terrible
25%
trouble
25%
greetings
13%
Ohy
0%
No matching quizzes found
Score Distribution
Percent of People with Each Score
Percentile by Number Answered
Your Score History
You have not taken this quiz